[Event "Pardubice Chladek&Tintera op"]
[Site "Pardubice"]
[Date "2014.07.16"]
[Round "3"]
[White "Petlak, Josef"]
[Black "Zhylkaidarova, Sholpan"]
[Result "0-1"]
[WhiteElo "1984"]
[BlackElo "2098"]
[PlyCount "139"]
[EventDate "2014.07.16"]
[EventType "swiss (rapid)"]
[EventRounds "9"]
[EventCountry "CZE"]
[SourceTitle "EXT 2015"]
[Source "ChessBase"]
[SourceDate "2014.11.20"]
[SourceVersion "1"]
[SourceVersionDate "2014.11.20"]
[SourceQuality "1"]

1. e4 e6 2. d4 d5 3. exd5 exd5 4. Bd3 Bd6 5. Nf3 Ne7 6. Bg5 Nbc6 7. c3 Bg4 8. Nbd2 0-0 9. Qc2 h6 10. Bh4 Qd7 11. Bg3 Nf5 12. 0-0 Nxg3 13. hxg3 a6 14. Rfe1 Be6 15. Re3 Rfe8 16. Rae1 Re7 17. Nh4 Rae8 18. Nf1 Na5 19. b3 c5 20. Qd2 cxd4 21. cxd4 Nc6 22. Bb1 g6 23. Qd3 Nb4 24. Qe2 Kg7 25. f4 Bg4 26. Nf3 Nc6 27. Rxe7 Rxe7 28. Qf2 Bxf3 29. Rxe7 Bxe7 30. Qxf3 Nxd4 31. Qd3 Bc5 32. Kh1 Qg4 33. Ne3 Qh5+ 34. Kg1 Nf5 35. g4 Bxe3+ 36. Qxe3 Nxe3 37. gxh5 d4 38. hxg6 fxg6 39. Bd3 Nd5 40. g3 Nc3 41. a4 a5 42. Kg2 Kf6 43. g4 Nd1 44. Kf3 Ne3 45. Ke4 Nxg4 46. Kxd4 Nf2 47. Bc2 h5 48. Ke3 Ng4+ 49. Kf3 Nh6 50. Be4 b6 51. Bb7 Nf5 52. Bd5 Ke7 53. Be4 Kf6 54. Bd3 Nd4+ 55. Ke4 Nxb3 56. Kd5 Nc5 57. Bb5 Ne6 58. Kc6 Nd4+ 59. Kxb6 Nxb5 60. axb5 h4 61. Kc7 h3 62. b6 h2 63. b7 h1Q 64. b8Q Qc1+ 65. Kd7 Qd2+ 66. Kc6 Qc3+ 67. Kd5 Qd2+ 68. Kc4 Qb4+ 69. Kd5 Qxb8 70. Kc6 0-1

[Event "Brno Duras op-A"]
[Site "Brno"]
[Date "2011.06.28"]
[Round "5"]
[White "Petlak, Josef"]
[Black "Blahynka, Martin"]
[Result "1-0"]
[WhiteElo "1979"]
[BlackElo "2055"]
[PlyCount "81"]
[EventDate "2011.06.25"]
[EventType "swiss"]
[EventRounds "9"]
[EventCountry "CZE"]
[SourceTitle "CBM 143 Extra"]
[Source "ChessBase"]
[SourceDate "2011.08.29"]
[SourceVersion "1"]
[SourceVersionDate "2011.08.29"]
[SourceQuality "1"]

1. d4 Nf6 2. Nf3 c5 3. e3 g6 4. Be2 Bg7 5. c3 0-0 6. 0-0 b6 7. b4 cxb4 8. cxb4 Nc6 9. b5 Na5 10. Nfd2 Bb7 11. Bb2 Rc8 12. Qa4 d6 13. Rc1 Ne4 14. Nxe4 Bxe4 15. Nd2 Ba8 16. Bc3 e5 17. Bxa5 bxa5 18. Nb3 Qg5 19. Bf1 exd4 20. Nxd4 Rc5 21. Rd1 Rc3 22. Qxa5 Rxe3 23. Qd2 Bxd4 24. Qxd4 Re4 25. Qxd6 Rfe8 26. Qd2 Qe5 27. h3 h5 28. a4 Re6 29. a5 g5 30. Qd8+ Re8 31. Qd6 Qg7 32. Rac1 g4 33. h4 g3 34. fxg3 Re3 35. Kh2 R8e4 36. Qb8+ Kh7 37. Rc5 Qg4 38. Rd8 Qe6 39. Rh8+ Kg7 40. Qg8+ Kf6 41. Qg5# 1-0

[Event "Brno Duras op-A"]
[Site "Brno"]
[Date "2011.06.26"]
[Round "3"]
[White "Petlak, Josef"]
[Black "Richterova, Natasa"]
[Result "1-0"]
[WhiteElo "1979"]
[BlackElo "1691"]
[PlyCount "103"]
[EventDate "2011.06.25"]
[EventType "swiss"]
[EventRounds "9"]
[EventCountry "CZE"]
[SourceTitle "CBM 143 Extra"]
[Source "ChessBase"]
[SourceDate "2011.08.29"]
[SourceVersion "1"]
[SourceVersionDate "2011.08.29"]
[SourceQuality "1"]

1. d4 d5 2. Nf3 Nf6 3. c4 e6 4. Nc3 Be7 5. Bf4 0-0 6. e3 b6 7. Bd3 Bb7 8. 0-0 Nbd7 9. Ne5 dxc4 10. Nxc4 Bb4 11. a3 Bxc3 12. bxc3 Nd5 13. Qc2 h6 14. Bg3 Rc8 15. e4 N5f6 16. Qe2 Ne8 17. Nd2 c5 18. Rfc1 cxd4 19. cxd4 Nb8 20. Qe3 Nc6 21. Nb3 Nc7 22. f3 Qd7 23. Bf2 Rfd8 24. Bf1 Ne7 25. Qd2 Ba6 26. Rxc7 Rxc7 27. Bxa6 Qa4 28. Qd3 Qc6 29. Bg3 Qc3 30. Bxc7 Qxc7 31. Rc1 Qd6 32. Ra1 Nc6 33. Qc3 Na5 34. Nxa5 bxa5 35. Be2 Qb6 36. Kf1 Rxd4 37. Rd1 Rxd1+ 38. Bxd1 Qb5+ 39. Be2 Qb1+ 40. Kf2 Qb6+ 41. Qe3 Qc7 42. g3 Kf8 43. a4 Kg8 44. e5 Kh8 45. Qe4 Qc5+ 46. Kg2 Qb6 47. Bd3 g6 48. h4 Qb2+ 49. Kh3 Qc1 50. Qf4 Qxf4 51. gxf4 Kg7 52. h5 1-0

[Event "Brno Duras op-A"]
[Site "Brno"]
[Date "2011.06.26"]
[Round "2"]
[White "Zavadil, Michal"]
[Black "Petlak, Josef"]
[Result "1-0"]
[WhiteElo "2109"]
[BlackElo "1979"]
[PlyCount "55"]
[EventDate "2011.06.25"]
[EventType "swiss"]
[EventRounds "9"]
[EventCountry "CZE"]
[SourceTitle "CBM 143 Extra"]
[Source "ChessBase"]
[SourceDate "2011.08.29"]
[SourceVersion "1"]
[SourceVersionDate "2011.08.29"]
[SourceQuality "1"]

1. d4 d5 2. c4 c6 3. Nf3 Nf6 4. g3 e6 5. Bg2 Be7 6. 0-0 0-0 7. Qc2 b5 8. cxb5 cxb5 9. Bf4 Bd6 10. Ne5 a5 11. Rc1 Ba6 12. Nd2 h6 13. e4 dxe4 14. Nxe4 Nxe4 15. Bxe4 Ra7 16. Qe2 b4 17. Qh5 f5 18. Bg2 Bb7 19. Bxb7 Rxb7 20. Rc2 Rc7 21. Rac1 Rxc2 22. Rxc2 Rf6 23. Ng6 Bxf4 24. Rc8 Qxc8 25. Ne7+ Kf8 26. Nxc8 g6 27. Qe2 Bc7 28. Qc4 1-0

[Event "CZE-chT2d 0607"]
[Site "Czech Republic"]
[Date "2007.02.25"]
[Round "8"]
[White "Pavlis, Jaromir"]
[Black "Petlak, Josef"]
[Result "1/2-1/2"]
[WhiteElo "2082"]
[BlackElo "2011"]
[PlyCount "44"]
[EventDate "2006.10.15"]
[EventType "team-tourn"]
[EventRounds "11"]
[EventCountry "CZE"]
[SourceTitle "EXT 2009"]
[Source "ChessBase"]
[SourceDate "2008.11.26"]
[SourceVersion "1"]
[SourceVersionDate "2008.11.26"]
[SourceQuality "1"]

1. e4 e6 2. d4 d5 3. exd5 exd5 4. Bd3 Bd6 5. Ne2 Nf6 6. Ng3 Bg4 7. Be2 Be6 8. c3 0-0 9. Bg5 Re8 10. 0-0 h6 11. Be3 Nbd7 12. Nd2 Nf8 13. Bd3 Ng4 14. Re1 Nxe3 15. Rxe3 Bf4 16. Re1 Qd7 17. Ndf1 h5 18. Qxh5 Bg4 19. Rxe8 Rxe8 20. Bf5 Bxh5 21. Bxd7 Nxd7 22. Nxh5 Bh6 1/2-1/2

[Event "CZE-chT2d 0607"]
[Site "Czech Republic"]
[Date "2007.01.14"]
[Round "6"]
[White "Zavadil, Michal"]
[Black "Petlak, Josef"]
[Result "1-0"]
[WhiteElo "2107"]
[BlackElo "2011"]
[PlyCount "69"]
[EventDate "2006.10.15"]
[EventType "team-tourn"]
[EventRounds "11"]
[EventCountry "CZE"]
[SourceTitle "EXT 2009"]
[Source "ChessBase"]
[SourceDate "2008.11.26"]
[SourceVersion "1"]
[SourceVersionDate "2008.11.26"]
[SourceQuality "1"]

1. d4 Nf6 2. c4 g6 3. Nc3 Bg7 4. e4 d6 5. h3 0-0 6. Nf3 e5 7. d5 Nbd7 8. Be3 b6 9. g4 Nc5 10. Nd2 a5 11. a3 Bd7 12. b4 axb4 13. axb4 Nb7 14. Bd3 Qe7 15. Nb5 Rxa1 16. Qxa1 Bc8 17. Kd1 Qd7 18. Nc3 Nd8 19. Bc2 c5 20. Qa4 Qb7 21. Ke2 Ne8 22. Rb1 f5 23. gxf5 gxf5 24. exf5 Qf7 25. Nde4 Qh5+ 26. Kd2 Bxf5 27. Rg1 Kh8 28. bxc5 bxc5 29. Qa5 Bxe4 30. Nxe4 Nf7 31. Rg3 Bh6 32. Qa7 Ng7 33. Nf6 Bxe3+ 34. fxe3 Qh6 35. Qe7 1-0

[Event "Znojmo op1"]
[Site "Znojmo"]
[Date "2007.??.??"]
[Round "7"]
[White "Adam, Petr"]
[Black "Petlak, Josef"]
[Result "1-0"]
[WhiteElo "2085"]
[BlackElo "1920"]
[PlyCount "85"]
[EventDate "2007.01.??"]
[EventType "swiss"]
[EventRounds "9"]
[EventCountry "CZE"]
[SourceTitle "EXT 2010"]
[Source "ChessBase"]
[SourceDate "2010.11.25"]
[SourceVersion "1"]
[SourceVersionDate "2010.11.25"]
[SourceQuality "1"]

1. c4 Nf6 2. Nc3 d5 3. cxd5 Nxd5 4. g3 Nxc3 5. bxc3 g6 6. Bg2 Bg7 7. Rb1 c6 8. h4 h5 9. Nf3 Nd7 10. c4 Qa5 11. Qc2 Nf6 12. 0-0 Ne4 13. d3 Nd6 14. Bg5 f6 15. Bd2 Qc7 16. c5 Nf7 17. d4 f5 18. Bf4 e5 19. dxe5 Nxe5 20. Nxe5 Bxe5 21. Qb2 Bxb2 22. Bxc7 Bf6 23. e4 fxe4 24. Bxe4 Kf7 25. Bd6 Re8 26. f3 g5 27. hxg5 Bxg5 28. Kg2 h4 29. g4 Bf6 30. Rfe1 Kg7 31. f4 Rxe4 32. Rxe4 Bxg4 33. Rxb7+ Kg6 34. Rb8 Rxb8 35. Bxb8 a6 36. Be5 Be6 37. Rd4 h3+ 38. Kh2 Bxe5 39. fxe5 Kf5 40. Rd6 Bxa2 41. Rxc6 Be6 42. Rxa6 Kxe5 43. Rd6 1-0

[Event "CZE-chT2d 0607"]
[Site "Czech Republic"]
[Date "2006.10.15"]
[Round "1"]
[White "Hromadko, Martin"]
[Black "Petlak, Josef"]
[Result "0-1"]
[WhiteElo "2062"]
[BlackElo "2011"]
[PlyCount "74"]
[EventDate "2006.10.15"]
[EventType "team-tourn"]
[EventRounds "11"]
[EventCountry "CZE"]
[SourceTitle "EXT 2009"]
[Source "ChessBase"]
[SourceDate "2008.11.26"]
[SourceVersion "1"]
[SourceVersionDate "2008.11.26"]
[SourceQuality "1"]

1. e4 e5 2. Nf3 Nc6 3. Bb5 a6 4. Ba4 Nf6 5. 0-0 Be7 6. Re1 b5 7. Bb3 0-0 8. c3 d6 9. d3 Na5 10. Bc2 c5 11. Nbd2 Re8 12. Nf1 Bf8 13. Bg5 g6 14. Ne3 Bg7 15. Nd5 Be6 16. Bxf6 Bxf6 17. Nxf6+ Qxf6 18. Qd2 Nc6 19. Rad1 Rad8 20. Qh6 Qg7 21. Qe3 a5 22. a3 h6 23. d4 exd4 24. cxd4 Bg4 25. dxc5 Bxf3 26. gxf3 Qxb2 27. Bb1 dxc5 28. Qxc5 Nd4 29. Kg2 Ne6 30. Qe3 g5 31. h4 Qe5 32. Ba2 Nf4+ 33. Kh1 Rxd1 34. Rxd1 Re7 35. Qb6 Kh7 36. Bd5 Qc3 37. Qe3 Qc8 0-1

[Event "Znojmo op"]
[Site "Znojmo"]
[Date "2006.05.17"]
[Round "5.16"]
[White "Horyna, Josef"]
[Black "Petlak, Josef"]
[Result "0-1"]
[WhiteElo "1944"]
[BlackElo "2017"]
[PlyCount "102"]
[EventDate "2006.05.14"]
[EventType "swiss"]
[EventRounds "9"]
[EventCountry "CZE"]
[SourceTitle "CBM 112 Extra"]
[Source "ChessBase"]
[SourceDate "2006.07.14"]
[SourceVersion "1"]
[SourceVersionDate "2006.07.14"]
[SourceQuality "1"]

1. d4 Nf6 2. c4 e6 3. Nc3 d5 4. Nf3 b6 5. cxd5 exd5 6. Bg5 Be7 7. e3 0-0 8. Bd3 h6 9. Bh4 Be6 10. 0-0 c5 11. Rc1 Nfd7 12. Bxe7 Qxe7 13. dxc5 bxc5 14. Bb1 Nb6 15. a4 a5 16. Qc2 g6 17. Rfe1 Na6 18. Qe2 Nb4 19. h3 Rfd8 20. Red1 Qf6 21. Qb5 Nd7 22. Qe2 Rab8 23. Rd2 c4 24. Nd4 Nc5 25. Nxe6 Qxe6 26. Re1 Nbd3 27. Bxd3 Nxd3 28. Rb1 Rb3 29. Nb5 Qe4 30. f3 Qe5 31. Nd4 Rb6 32. b3 Re8 33. Rbd1 Qg3 34. bxc4 dxc4 35. Nb5 Rbe6 36. e4 Re5 37. Nd6 R8e6 38. Nxc4 Nf4 39. Qe3 Rg5 40. Kf1 Nxg2 41. Rd8+ Kh7 42. Qd4 Qxf3+ 43. Qf2 Qxf2+ 44. Kxf2 Rf6+ 45. Ke2 Nf4+ 46. Ke3 Rg3+ 47. Kd2 Ne6 48. Rd5 Rf2+ 49. Ke1 Rh2 50. Nd2 Nf4 51. Kf1 Nxh3 0-1

[Event "CZE-chT2d 0405"]
[Site "Czech Republic"]
[Date "2005.??.??"]
[Round "10"]
[White "Petlak, Josef"]
[Black "Lampir, Tomas"]
[Result "0-1"]
[WhiteElo "2030"]
[BlackElo "1995"]
[PlyCount "70"]
[EventDate "2004.10.??"]
[EventType "team-tourn"]
[EventRounds "11"]
[EventCountry "CZE"]
[SourceTitle "EXT 2007"]
[Source "ChessBase"]
[SourceDate "2006.11.23"]
[SourceVersion "1"]
[SourceVersionDate "2006.11.23"]
[SourceQuality "1"]

1. c3 e5 2. e3 d5 3. d4 Nd7 4. b3 c6 5. a4 Bd6 6. Ba3 Bxa3 7. Nxa3 Ne7 8. Be2 0-0 9. dxe5 Nxe5 10. Nf3 Nxf3+ 11. Bxf3 Nf5 12. g3 Qg5 13. Nc2 Re8 14. Qd2 a6 15. Bg2 Nh4 16. 0-0 Nxg2 17. Kxg2 Qh5 18. Rfc1 Qh3+ 19. Kg1 Re6 20. c4 Rh6 21. f3 Qh5 22. Ne1 Be6 23. cxd5 Bxd5 24. e4 Bxb3 25. Rcb1 Qc5+ 26. Kg2 Bc4 27. Rxb7 Rd6 28. Qf2 Qa5 29. Qe3 Rd2+ 30. Kg1 h6 31. Ng2 Rad8 32. h4 Re2 33. Qf4 Rdd2 34. Qb8+ Kh7 35. Nf4 Qc5+ 0-1

[Event "CZE-chT2d 0405"]
[Site "Czech Republic"]
[Date "2005.??.??"]
[Round "11"]
[White "Petlak, Josef"]
[Black "Vrtal, Jaroslav"]
[Result "0-1"]
[WhiteElo "2025"]
[BlackElo "2140"]
[PlyCount "76"]
[EventDate "2004.10.??"]
[EventType "team-tourn"]
[EventRounds "11"]
[EventCountry "CZE"]
[SourceTitle "EXT 2007"]
[Source "ChessBase"]
[SourceDate "2006.11.23"]
[SourceVersion "1"]
[SourceVersionDate "2006.11.23"]
[SourceQuality "1"]

1. e4 c5 2. Nf3 d6 3. d4 cxd4 4. Nxd4 Nf6 5. Nc3 a6 6. Be2 e6 7. 0-0 Be7 8. Re1 0-0 9. Nb3 Nc6 10. a4 b6 11. Bf4 Bb7 12. Bf1 Rc8 13. Qd2 Qc7 14. a5 b5 15. f3 Ne5 16. Bxe5 dxe5 17. Rec1 Bb4 18. Bd3 Bxc3 19. bxc3 Qxc3 20. Qe3 Nd7 21. Qa7 Rc7 22. Qf2 Nc5 23. Nxc5 Rxc5 24. Rcb1 f5 25. Qe1 Qd4+ 26. Kh1 Rc3 27. Rd1 Qc5 28. Rd2 b4 29. Qe2 fxe4 30. fxe4 Rd8 31. Rad1 Qc8 32. Qh5 b3 33. cxb3 Rxb3 34. Rf2 h6 35. Qe2 Qc5 36. Rff1 Rc3 37. Bxa6 Rxd1 38. Rxd1 Rc2 0-1

[Event "CZE-chT2d 0405"]
[Site "Czech Republic"]
[Date "2004.??.??"]
[Round "3"]
[White "Petlak, Josef"]
[Black "Masak, Pavel"]
[Result "0-1"]
[WhiteElo "2030"]
[BlackElo "2055"]
[PlyCount "108"]
[EventDate "2004.10.??"]
[EventType "team-tourn"]
[EventRounds "11"]
[EventCountry "CZE"]
[SourceTitle "EXT 2007"]
[Source "ChessBase"]
[SourceDate "2006.11.23"]
[SourceVersion "1"]
[SourceVersionDate "2006.11.23"]
[SourceQuality "1"]

1. e4 c5 2. Nf3 Nc6 3. d4 cxd4 4. Nxd4 Qc7 5. Nc3 e6 6. Ndb5 Qb8 7. g3 a6 8. Nd4 Nf6 9. Bg2 Be7 10. 0-0 0-0 11. a4 Rd8 12. Be3 Qc7 13. Nb3 d6 14. a5 Nd7 15. Na4 Nc5 16. Qe2 Bd7 17. Nbxc5 dxc5 18. Nxc5 Nxa5 19. Rxa5 Qxa5 20. Nxb7 Qb5 21. Qxb5 Bxb5 22. Nxd8 Bxf1 23. Kxf1 Rxd8 24. Ke2 e5 25. Bd2 Bc5 26. b4 Bxf2 27. c4 Bg1 28. h3 Kf8 29. c5 a5 30. bxa5 Bxc5 31. Bc3 Bd4 32. Bb4+ Ke8 33. Bf3 Rb8 34. Bd2 Rb2 35. Kd1 Rb3 36. Be2 Rxg3 37. Bb5+ Kd8 38. a6 Ra3 39. Kc2 Kc7 40. Bb4 Rxh3 41. Bd3 h5 42. Ba5+ Kb8 43. Bc4 Ka7 44. Bxf7 Kxa6 45. Bd8 Kb5 46. Be7 Kc6 47. Be8+ Kc7 48. Kd2 Be3+ 49. Ke2 g5 50. Bg6 g4 51. Bf5 Bf4 52. Bc5 Kc6 53. Bf2 Rh1 54. Ba7 Ra1 0-1

[Event "Znojmo Rotunda op"]
[Site "Znojmo"]
[Date "2002.??.??"]
[Round "3"]
[White "Divis, Jan"]
[Black "Petlak, Josef"]
[Result "0-1"]
[WhiteElo "1669"]
[BlackElo "1959"]
[PlyCount "84"]
[EventDate "2002.??.??"]
[EventType "swiss"]
[EventRounds "9"]
[EventCountry "CZE"]
[SourceTitle "EXT 2003"]
[Source "ChessBase"]
[SourceDate "2002.11.25"]
[SourceVersion "1"]
[SourceVersionDate "2002.11.25"]
[SourceQuality "1"]

1. d4 Nf6 2. c4 g6 3. Nc3 d5 4. e3 Bg7 5. Nf3 0-0 6. Be2 Re8 7. 0-0 c6 8. cxd5 Nxd5 9. Qb3 e6 10. Nxd5 exd5 11. Bd2 Nd7 12. Rac1 Nf6 13. h3 Ne4 14. Rfd1 h5 15. Bd3 g5 16. Nh2 g4 17. Bxe4 Rxe4 18. hxg4 hxg4 19. g3 Qg5 20. Qd3 Qh5 21. Qf1 Re6 22. Qg2 Rh6 23. e4 Rh8 24. exd5 cxd5 25. Re1 Be6 26. Bc3 Bf5 27. Nf1 Rd8 28. Nd2 Bh6 29. Re2 Bd3 30. Re5 Bxd2 31. Bxd2 Qxe5 32. dxe5 Be4 33. Qxe4 dxe4 34. Bf4 Rd7 35. Bg5 Rh5 36. Bf6 Kh7 37. Rc8 Kg6 38. Kf1 Rd1+ 39. Ke2 Rhh1 40. Ke3 Kf5 41. Rc2 Rhe1+ 42. Re2 Rd3# 0-1

[Event "Znojmo Rotunda op"]
[Site "Znojmo"]
[Date "2002.??.??"]
[Round "9"]
[White "Docekal, Jan"]
[Black "Petlak, Josef"]
[Result "1/2-1/2"]
[WhiteElo "1925"]
[BlackElo "1959"]
[PlyCount "48"]
[EventDate "2002.??.??"]
[EventType "swiss"]
[EventRounds "9"]
[EventCountry "CZE"]
[SourceTitle "EXT 2003"]
[Source "ChessBase"]
[SourceDate "2002.11.25"]
[SourceVersion "1"]
[SourceVersionDate "2002.11.25"]
[SourceQuality "1"]

1. Nf3 d5 2. d4 Nf6 3. g3 e6 4. Bg2 b6 5. 0-0 Be7 6. Re1 Bb7 7. Nbd2 0-0 8. Ne5 Nbd7 9. Nxd7 Nxd7 10. e4 Re8 11. c3 c5 12. e5 Qc7 13. f4 cxd4 14. cxd4 Rec8 15. a3 Qc2 16. Qg4 Qd3 17. Nf3 Rc2 18. Bf1 Qg6 19. Qxg6 hxg6 20. Bd3 Rc7 21. Bd2 Rac8 22. Bb4 Kf8 23. Kf2 Nb8 24. Bxe7+ Kxe7 1/2-1/2

[Event "Znojmo Rotunda op"]
[Site "Znojmo"]
[Date "2002.??.??"]
[Round "4"]
[White "Petlak, Josef"]
[Black "Mlensky, Dalibor"]
[Result "1/2-1/2"]
[WhiteElo "1959"]
[BlackElo "2095"]
[PlyCount "122"]
[EventDate "2002.??.??"]
[EventType "swiss"]
[EventRounds "9"]
[EventCountry "CZE"]
[SourceTitle "EXT 2003"]
[Source "ChessBase"]
[SourceDate "2002.11.25"]
[SourceVersion "1"]
[SourceVersionDate "2002.11.25"]
[SourceQuality "1"]

1. b3 e5 2. e3 Nf6 3. d4 e4 4. Be2 d5 5. a4 c6 6. Ba3 Bxa3 7. Nxa3 0-0 8. g3 Ne8 9. h4 f5 10. Nh3 Nd7 11. c3 Ndf6 12. Nc2 Ng4 13. Kf1 Nef6 14. Kg2 h6 15. a5 Be6 16. b4 a6 17. Rc1 Qd6 18. Na1 Nh5 19. Qd2 Rae8 20. Nb3 g6 21. Bd1 Bf7 22. Nc5 Re7 23. Bb3 Qf6 24. c4 g5 25. hxg5 hxg5 26. cxd5 cxd5 27. Rcg1 Rd8 28. Bd1 Be8 29. Be2 Rd6 30. Qd1 Ng7 31. Kf1 Bh5 32. Qb3 Rf7 33. Qc3 Rc7 34. Qd2 b5 35. Kg2 Be8 36. Rc1 Rdc6 37. f4 exf3+ 38. Bxf3 Bf7 39. Nf2 Nh6 40. Nfd3 g4 41. Be2 Re7 42. Ne5 Rd6 43. Ncd3 Ne6 44. Nf4 Ng5 45. Rc8+ Re8 46. Rc7 Ne4 47. Qc1 Rxe5 48. Rxh6 Qxh6 49. dxe5 Re6 50. Rxf7 Rc6 51. Rf6 Qxf6 52. Qb2 Qh8 53. Qd4 Nc3 54. Qa7 Nxe2 55. Qb8+ Kg7 56. Qb7+ Kg8 57. Qxc6 Nxf4+ 58. exf4 Qh3+ 59. Kf2 Qh2+ 60. Kf1 Qh1+ 61. Ke2 Qe4+ 1/2-1/2

[Event "Znojmo Rotunda op"]
[Site "Znojmo"]
[Date "2002.??.??"]
[Round "5"]
[White "Vlk, Miroslav"]
[Black "Petlak, Josef"]
[Result "1/2-1/2"]
[WhiteElo "2160"]
[BlackElo "1959"]
[PlyCount "107"]
[EventDate "2002.??.??"]
[EventType "swiss"]
[EventRounds "9"]
[EventCountry "CZE"]
[SourceTitle "EXT 2003"]
[Source "ChessBase"]
[SourceDate "2002.11.25"]
[SourceVersion "1"]
[SourceVersionDate "2002.11.25"]
[SourceQuality "1"]

1. d4 d5 2. c4 e6 3. Nc3 Nf6 4. Bg5 Be7 5. Nf3 h6 6. Bh4 0-0 7. e3 b6 8. cxd5 Nxd5 9. Bxe7 Qxe7 10. Bd3 Nxc3 11. bxc3 Bb7 12. 0-0 Nd7 13. e4 c5 14. Qb3 Nf6 15. Rfe1 cxd4 16. cxd4 Rac8 17. Qa4 Rc7 18. Nd2 Rd8 19. Rac1 Rcd7 20. Nb3 Ba8 21. f3 g6 22. Rc3 Rc7 23. Rec1 Rxc3 24. Rxc3 Kg7 25. Bf1 h5 26. Nd2 Ne8 27. Ra3 Qd7 28. Bb5 Qxd4+ 29. Qxd4+ Rxd4 30. Bxe8 a5 31. Nf1 f5 32. exf5 exf5 33. Rc3 Rd6 34. a4 Kf6 35. Bb5 h4 36. Rc8 Bd5 37. Rh8 Kg5 38. h3 Bb3 39. Rh7 Rd1 40. Rb7 Ra1 41. Rxb6 Bxa4 42. Bxa4 Rxa4 43. Nd2 Ra2 44. Nc4 Kf4 45. Rxg6 a4 46. Kh2 Rc2 47. Na3 Rc3 48. Nb5 Rb3 49. Ra6 Rxb5 50. Rxa4+ Kg5 51. Ra1 Rb4 52. Re1 Ra4 53. Re8 Rb4 54. Rg8+ 1/2-1/2

[Event "Znojmo op-A"]
[Site "Znojmo"]
[Date "1997.??.??"]
[Round "?"]
[White "Petlak, Josef"]
[Black "Masek, Jan"]
[Result "1-0"]
[WhiteElo "2095"]
[BlackElo "1940"]
[PlyCount "121"]
[EventDate "1997.??.??"]
[EventType "swiss"]
[EventRounds "9"]
[EventCountry "CZE"]
[SourceTitle "EXT 1998"]
[Source "ChessBase"]
[SourceDate "1997.11.17"]
[SourceVersion "1"]
[SourceVersionDate "1997.11.17"]
[SourceQuality "1"]

1. e4 e5 2. Nf3 Nc6 3. Bb5 a6 4. Ba4 Nf6 5. Qe2 d6 6. c3 Be7 7. d3 0-0 8. Nbd2 Re8 9. Nf1 b5 10. Bb3 Na5 11. Bc2 c5 12. Ng3 Nc6 13. a4 Bd7 14. Bd2 Qb6 15. axb5 axb5 16. 0-0 Qb7 17. Rfb1 Rxa1 18. Rxa1 Ra8 19. Qd1 Rxa1 20. Qxa1 Qa7 21. Qxa7 Nxa7 22. Bb3 Nc6 23. Ng5 Nd8 24. f4 exf4 25. Bxf4 Ng4 26. Nf3 Ne6 27. Bd2 Ne5 28. Nxe5 dxe5 29. Nf5 Bf8 30. g3 c4 31. dxc4 Nc5 32. Bc2 bxc4 33. Ne3 Be6 34. Kg2 g6 35. Kf3 Bh6 36. Nxc4 Bxc4 37. Bxh6 Nd3 38. Bxd3 Bxd3 39. b3 f5 40. exf5 gxf5 41. Ke3 Ba6 42. g4 fxg4 43. Ke4 Kf7 44. Kxe5 Ke7 45. c4 Bb7 46. b4 Kd7 47. b5 Bf3 48. Kd4 Be2 49. Kc5 Kc7 50. Kb4 Kb6 51. c5+ Kc7 52. c6 Kb6 53. Be3+ Kc7 54. Kc5 Kc8 55. b6 Ba6 56. Bf4 h5 57. Bg3 h4 58. Bxh4 Kb8 59. Bg3+ Ka8 60. Kd6 Bb5 61. b7+ 1-0

[Event "Znojmo op-A"]
[Site "Znojmo"]
[Date "1997.??.??"]
[Round "?"]
[White "Petlak, Josef"]
[Black "Tomes, Zdenek"]
[Result "0-1"]
[WhiteElo "2095"]
[BlackElo "1890"]
[PlyCount "74"]
[EventDate "1997.??.??"]
[EventType "swiss"]
[EventRounds "9"]
[EventCountry "CZE"]
[SourceTitle "EXT 1998"]
[Source "ChessBase"]
[SourceDate "1997.11.17"]
[SourceVersion "1"]
[SourceVersionDate "1997.11.17"]
[SourceQuality "1"]

1. e4 c5 2. Nf3 d6 3. d4 cxd4 4. Nxd4 Nf6 5. Nc3 g6 6. g3 Bg7 7. Bg2 0-0 8. 0-0 a6 9. h3 Qc7 10. Nce2 Nc6 11. c3 Rb8 12. Be3 Ne5 13. b3 b5 14. f4 Ned7 15. a4 e5 16. Nc2 Nc5 17. axb5 Rxb5 18. Na3 Rxb3 19. Nc4 Rd8 20. Kh2 Be6 21. Nd2 Rb2 22. f5 gxf5 23. exf5 Bd5 24. Nf3 Bc4 25. Nd2 Bd3 26. g4 e4 27. c4 d5+ 28. Bf4 Qd7 29. g5 Nh5 30. f6 Bf8 31. Ng3 Bxf1 32. Qxh5 Bxg2 33. Kxg2 Nd3 34. Qh4 Nxf4+ 35. Qxf4 dxc4 36. Ngxe4 c3 37. Nxc3 Rxd2+ 0-1